000 00385nam a2200133 a 4500
001 000030291
005 20200930060214.0
008 110509s1989 dr 000 0 spa d
040 _aDO-SdBNP
_bspa
_cBNPHU
245 0 0 _aGuía shell para el almacenaje seguro de productos químicos.
260 _aSanto Domingo :
_bEditorama,
_c1989.
300 _a37 p. :
_bil. ;
_c30 cm.
049 _aBNPD
999 _c29783
_d29783